000 00553cam a22002053a 4500
001 41406
003 PGUSA
005 20140828083931.0
008 121119s2012||||xxu|||||s|||||000 | eng d
040 _aPGUSA
_beng
042 _adc
100 1 _aSerkoff, Vera
245 1 0 _aPaper-bag Cookery
_h[electronic resource] /
_cVera Serkoff
260 _bProject Gutenberg,
_c2012
506 _aPublic domain in the USA.
516 _aElectronic text
830 0 _aProject Gutenberg
_v41406
856 4 0 _uhttp://www.gutenberg.org/ebooks/41406
942 _cEB
999 _c270658
_d270658